| Tag |
First Indicator |
Second Indicator |
Subfields |
| LEADER |
00000cam a2200000 a 4500 |
| 001 |
in00000970521 |
| 005 |
20150927112625.0 |
| 008 |
901228s1990 fr a b 00110 eng d |
| 020 |
|
|
|a 2863320750
|
| 020 |
|
|
|a 2863320858 (soft cover)
|
| 035 |
|
|
|a (OCoLC)22903799
|
| 035 |
|
|
|9 AEW4579AM
|
| 040 |
|
|
|a MCS
|c MCS
|d UtOrBLW
|
| 049 |
|
|
|a TXAM
|
| 090 |
|
|
|a QC174.52.F8
|b F75 1990
|
| 100 |
1 |
|
|a Fried, H. M.
|q (Herbert Martin)
|
| 245 |
1 |
0 |
|a Basics of functional methods and eikonal models /
|c H.M. Fried.
|
| 264 |
|
1 |
|a Gif-sur-Yvette :
|b Editions Frontières,
|c [1990]
|
| 264 |
|
4 |
|c ©1990
|
| 300 |
|
|
|a v, 326 pages :
|b illustrations ;
|c 24 cm.
|
| 336 |
|
|
|a text
|b txt
|2 rdacontent
|
| 337 |
|
|
|a unmediated
|b n
|2 rdamedia
|
| 338 |
|
|
|a volume
|b nc
|2 rdacarrier
|
| 504 |
|
|
|a Includes bibliographical references and index.
|
| 650 |
|
0 |
|a Functional analysis.
|
| 650 |
|
0 |
|a Eikonal equation.
|
| 650 |
|
0 |
|a Quantum field theory.
|
| 740 |
0 |
|
|a Functional methods and eikonal models.
|
| 999 |
|
|
|a MARS
|
| 999 |
f |
f |
|s 733b541d-bf4d-3a30-ae81-eb292cd99662
|i fb973139-a6de-32a2-aa39-bab99c715b63
|t 0
|
| 952 |
f |
f |
|p normal
|a Texas A&M University
|b College Station
|c Sterling C. Evans Library
|d Evans: Library Stacks
|t 0
|e QC174.52.F8 F75 1990
|h Library of Congress classification
|i unmediated -- volume
|m A14814388116
|
| 998 |
f |
f |
|a QC174.52.F8 F75 1990
|t 0
|l Evans: Library Stacks
|